Разработка экологического паспорта учебного корпуса ЮТИ ТПУ; Экология и безопасность в техносфере: современные проблемы и пути решения

Detalhes bibliográficos
Parent link:Экология и безопасность в техносфере: современные проблемы и пути решения.— 2013.— [С. 195-197]
Autor principal: Щеголева А. С.
Autor Corporativo: Национальный исследовательский Томский политехнический университет (ТПУ) Юргинский технологический институт (филиал) (ЮТИ) Кафедра безопасности жизнедеятельности, экологии и физического воспитания (БЖДЭФВ)
Outros Autores: Мальчик А. Г. Александра Геннадьевна (научный руководитель)
Resumo:Заглавие с экрана
Idioma:russo
Publicado em: 2013
coleção:Экологическая и техногенная безопасность
Assuntos:
Acesso em linha:http://www.lib.tpu.ru/fulltext/c/2013/C52/061.pdf
Formato: MixedMaterials Recurso Eletrônico Capítulo de Livro
KOHA link:https://koha.lib.tpu.ru/cgi-bin/koha/opac-detail.pl?biblionumber=604935

MARC

LEADER 00000naa2a2200000 4500
001 604935
005 20260218092751.0
035 |a (RuTPU)RU\TPU\conf\2219 
035 |a RU\TPU\conf\2196 
090 |a 604935 
100 |a 20140326d2013 k y0rusy50 ca 
101 0 |a rus 
102 |a RU 
135 |a drcn ---uucaa 
181 0 |a i  
182 0 |a b 
200 1 |a Разработка экологического паспорта учебного корпуса ЮТИ ТПУ  |f А. С. Щеголева  |g науч. рук. А. Г. Мальчик 
203 |a Текст  |c электронный 
215 |a 1 файл(291 Кб) 
225 1 |a Экологическая и техногенная безопасность 
300 |a Заглавие с экрана 
320 |a [Библиогр.: с. 197 (4 назв.)] 
337 |a Adobe Reader 
463 1 |0 (RuTPU)RU\TPU\conf\1010  |t Экология и безопасность в техносфере: современные проблемы и пути решения  |o сборник трудов Всероссийской научно-практической конференции, г. Томск, 27-28 ноября 2013 г.  |f Национальный исследовательский Томский политехнический университет (ТПУ), Юргинский технологический институт (ЮТИ) ; под ред. В. М. Гришагина и др.  |v [С. 195-197]  |d 2013 
610 1 |a электронный ресурс 
610 1 |a труды учёных ТПУ 
610 1 |a экологический паспорт 
610 1 |a учебные лаборатории 
610 1 |a ЮТИ 
610 1 |a ТПУ 
700 1 |a Щеголева  |b А. С. 
702 1 |a Мальчик  |b А. Г.  |c специалист в области экологии и безопасности жизнедеятельности  |c доцент Юргинского технологического института Томского политехнического университета, кандидат технических наук  |f 1970-  |g Александра Геннадьевна  |4 727 
712 0 2 |a Национальный исследовательский Томский политехнический университет (ТПУ)  |b Юргинский технологический институт (филиал) (ЮТИ)  |b Кафедра безопасности жизнедеятельности, экологии и физического воспитания (БЖДЭФВ)  |3 (RuTPU)RU\TPU\col\18930 
801 1 |a RU  |b 63413507  |c 20101016 
801 2 |a RU  |b 63413507  |c 20140326  |g RCR 
856 4 |u http://www.lib.tpu.ru/fulltext/c/2013/C52/061.pdf 
942 |c CF